000 00721nam a2200289Ia 4500
005 20260324114412.0
008 008 260324s9999 xx 000 0 eng d
020 _a9781003284024
037 _aEBOOK
040 _aCRL
040 _beng
040 _cCRL
041 _2eng
041 _aeng
084 _qCRL
100 _aRajiv Kumar Garg; Ravi Pratap Singh; Rajeev Trehan; Ramesh Singh
_91150629
245 0 _aModern Manufacturing Systems
245 0 _bTrends and Developments
260 _bTaylor and Francis
260 _c2022
365 _a
365 _b290
856 _uhttp://www.taylorfrancis.com/books/9781003284024
942 _cEBOOK
999 _c1740793
_d1740793